000 00654nam a22002417a 4500
003 UA-OsUOA
001 49222
007 ta
008 20131216b un ||||| |||| 00| 0 ukr d
100 _aМур Д.
090 _a82-1
_bМ91
942 _cBK
040 _aUA-OsUOA
_bukr
_cUA-OsUOA
_dUA-OsUOA
245 _aЖаль і гнів: поезії
300 _a93 с.
955 _a3
041 _aukr
080 _a82-1
260 _c1966
650 7 _a82 Література. Літературознавство
_2UDC
999 _c429351
_d429351